Um filho de ouro (Registo nº 202647)

Detalhes MARC
000 -Etiqueta do registo
Valores 00680nam 22002413 4500
010 ## - Número ISBN
ISBN 972-41-3976-X
021 ## - Número do Depósito Legal
Código do país Portugal
Número 222644/05
100 ## - Dados gerais de processamento
Dados gerais 20260619d u||y0pory50 ba
200 ## - Titulo e menção de responsabilidade
Título próprio Um filho de ouro
Primeira menção de responsabilidade Franquin, desenhos Batem, argumento Bourcquardez & Saive
205 ## - Menção da edição
Edição
210 ## - Publicação
Local de publicação Porto
Nome do editor Edições Asa II
Data de publicação 2005
215 ## - Descrição física 
Paginação / Volumes 46, [1] p.
Outras indicações físicas il. ; encadernado
Dimensões 30 cm
225 ## - Colecção 
Título próprio da colecção Marsupilami
Número de parte ou secção 14
606 ## - Nome comum usado como assunto
ID Autoridade 1586
Palavra de ordem Desenho Artístico
610 ## - Termos não controlados
Palavra de ordem Banda Desenhada
675 ## - CDU
Notação 74
Edição PT
Língua por
700 ## - Autor principal (pessoa individual)
ID Autoridade 10122
Apelido Franquim
701 ## - Co-autor principal (pessoa individual)
ID Autoridade 17491
Apelido Batem
Datas 1960-
Nome Luc Collin
801 ## - Fonte de origem
País PT
Agência BMMN
Regras de catalogação RPC
830 ## - Notas gerais do catalogador
Criado por Isabel
990 ## - Elementos KOHA
Tipo de documento Livro
Exemplares
Situação do levantamento Biblioteca de origem Código de barras Cota Permissão de empréstimo Tipo de documento Forma de aquisição
  Biblioteca Municipal de Montemor-o-Novo 32154 74 FRA|AJ   Livro Oferta

Powered by Koha